| 000 | 00563nam a2200205Ia 4500 | ||
|---|---|---|---|
| 003 | OSt | ||
| 005 | 20230420134740.0 | ||
| 008 | 210423s2011 xx 000 0 und d | ||
| 020 | _a9780143068266 | ||
| 040 | _cAL | ||
| 041 | _aeng | ||
| 082 | _a923.2 GUPP | ||
| 100 |
_aGUPTE (Pranay). _991045 |
||
| 245 | _aMother India: a political biography of Indira Gandhi. | ||
| 260 |
_aNew Delhi _bPenguin Books Ltd _c2011 |
||
| 300 |
_axii,597 _bPB |
||
| 365 |
_b450 _cINR |
||
| 906 | _abiography ; Gandhi. ; India: ; Indira ; Mother ; political | ||
| 942 |
_2ddc _cBK |
||
| 999 |
_c160320 _d160320 |
||